00387nam a2200145Ia 4500008004100000020001800041041000800059082001700067100001700084245004600101260003100147300002800178365001800206700001700224230718s9999 xx 000 0 und d a9781591408666 aeng a006.7'2bIBR aIbrahim I.K. aHandbook Of Research On Mobile Multimedia c2006bIdea Group Reference a586dRef 1556 E (46366) cRs.b12870.00 aIbrahim I.K.